000 00606nam a2200217 a 4500
999 _c3541
_d3541
003 BD-JhCC
005 20171114194401.0
008 171114s2006 bg |||| ||a| 000 0 ben d
020 _a9848683984
035 _a(BD-JhCC)3541
040 _aBD-JhCC
_dBD-JhCC
041 _aben
082 _a891.4415
_bRIA 2006
100 _aরিয়ান, সায়মন
245 _aআমেন /
_cসায়মন রিয়ান
260 _aঢাকা :
_bঅন্যপ্রকাশ,
_c2006.
300 _a47 p. :
_c22 cm.
650 _aBengali Poetry
942 _2ddc
_cBK